| 000 | 00733cam a22002298i 4500 | ||
|---|---|---|---|
| 001 | 17628978 | ||
| 003 | OSt | ||
| 005 | 20150408114218.0 | ||
| 008 | 130216s2013 enka g b 001 0 eng | ||
| 020 | _a9781849053747 (alk. paper) | ||
| 040 | _aMa-Un | ||
| 082 | 0 | 0 |
_222 _a616.831 _bDBU |
| 100 | 1 |
_aDraper, Brian _945068 |
|
| 245 | 1 | 0 |
_aUnderstanding alzheimer's disease and other dementias / _cBrian Draper. |
| 260 |
_aLondon : _bJessica Kingsley Publishers, _c2013 |
||
| 300 |
_a286 p. : _bill. ; _a23 cm. |
||
| 504 | _aIncludes bibliographical references and index. | ||
| 650 |
_aAlzheimer's disease _911887 |
||
| 650 | _aDementia | ||
| 942 |
_2ddc _cBOOK |
||
| 999 |
_c35056 _d269556 |
||